[Event "Centrocoop June op-A"]
[Site "Eforie Nord "]
[Date "1998.??.??"]
[Round "?"]
[White "Chernitsin, Ivan"]
[Black "Svetushkin, Dmitry"]
[Result "1/2-1/2"]
[WhiteElo "2360"]
[BlackElo "2415"]
[PlyCount "115"]
[EventDate "1998.06.??"]
[EventType "swiss"]
[EventRounds "11"]
[EventCountry "ROU"]
[SourceTitle "EXT 2000"]
[Source "ChessBase"]
[SourceDate "1999.11.16"]
[SourceVersion "1"]
[SourceVersionDate "1999.11.16"]
[SourceQuality "1"]

1. e4 c6 2. d4 d5 3. e5 c5 4. dxc5 Nc6 5. Bb5 e6 6. Be3 Nge7 7. c3 Bd7 8. Bxc6 Nxc6 9. Nf3 Qc7 10. Bd4 Nxd4 11. cxd4 b6 12. cxb6 Qxb6 13. 0-0 Qxb2 14. Nbd2 Be7 15. Qb1 Qb6 16. Rc1 0-0 17. Qxb6 axb6 18. Rc7 Rfd8 19. Rb1 Rxa2 20. Rxb6 Ra1+ 21. Nf1 Bf8 22. g4 Bc8 23. Kg2 Ba6 24. Ng3 h6 25. g5 g6 26. gxh6 Bxh6 27. h4 Bd3 28. h5 Ra4 29. Rbb7 Rf8 30. hxg6 Bxg6 31. Nh4 Bd3 32. Nf3 Be4 33. Ne2 f6 34. exf6 Rxf6 35. Rb8+ Bf8 36. Rb3 Rb4 37. Rbc3 Bd6 38. Rc8+ Kf7 39. Ra8 e5 40. dxe5 Bxe5 41. Re3 Kg7 42. Ra2 Kh6 43. Ng3 Bxg3 44. Kxg3 Rg6+ 45. Kh2 Rb1 46. Ne1 Kg5 47. Rg3+ Kf5 48. Rxg6 Kxg6 49. Re2 Kg5 50. Kg3 Rb4 51. f3 Bf5 52. Rd2 d4 53. f4+ Kf6 54. Nf3 d3 55. Ne5 Ke6 56. Kf3 Kd5 57. Nxd3 Rb3 58. Ke2 1/2-1/2

[Event "Centrocoop June op-A"]
[Site "Eforie Nord "]
[Date "1998.??.??"]
[Round "?"]
[White "Dumitrache, Dragos Nicolae"]
[Black "Chernitsin, Ivan"]
[Result "1-0"]
[WhiteElo "2385"]
[BlackElo "2360"]
[PlyCount "117"]
[EventDate "1998.06.??"]
[EventType "swiss"]
[EventRounds "11"]
[EventCountry "ROU"]
[SourceTitle "EXT 2000"]
[Source "ChessBase"]
[SourceDate "1999.11.16"]
[SourceVersion "1"]
[SourceVersionDate "1999.11.16"]
[SourceQuality "1"]

1. Nf3 d5 2. g3 Nf6 3. Bg2 c6 4. 0-0 Bf5 5. d3 h6 6. Nbd2 Nbd7 7. Re1 e5 8. e4 dxe4 9. dxe4 Be6 10. Nh4 Bc5 11. Nf5 0-0 12. Qf3 Re8 13. Nf1 Bf8 14. h4 Kh7 15. h5 Kh8 16. Nh2 Nh7 17. Ng4 Nhf6 18. Be3 Nxg4 19. Qxg4 Qf6 20. Qf3 Bc5 21. Bxc5 Nxc5 22. Nd6 Qxf3 23. Bxf3 Re7 24. b4 Na6 25. a3 Rd8 26. Rad1 Kg8 27. Be2 Nb8 28. Nc4 Rxd1 29. Rxd1 Bd7 30. Nd6 Be6 31. Nc4 Bd7 32. Nd6 Be6 33. Nc4 Bd7 34. Nd6 Be6 35. f4 exf4 36. gxf4 f6 37. Kf2 Kf8 38. c4 b6 39. c5 Rd7 40. Ke3 Rd8 41. Rc1 bxc5 42. Nb7 Re8 43. Nxc5 Bc8 44. Rd1 Ke7 45. Nb3 Rg8 46. Rg1 Ba6 47. Nd4 Bxe2 48. Kxe2 Kf7 49. Nf5 Na6 50. Rd1 Nb8 51. Ke3 Rh8 52. Rg1 Rg8 53. Kd4 Na6 54. Rc1 Rd8+ 55. Ke3 Nb8 56. Rg1 Rg8 57. e5 fxe5 58. fxe5 Na6 59. Nxh6+ 1-0

[Event "Centrocoop op"]
[Site "Eforie Nord"]
[Date "1997.??.??"]
[Round "?"]
[White "Chernitsin, Ivan"]
[Black "Carmaciu, Lucian Catalin"]
[Result "1-0"]
[WhiteElo "2360"]
[BlackElo "1765"]
[PlyCount "107"]
[EventDate "1997.??.??"]
[EventType "swiss"]
[EventRounds "11"]
[EventCountry "ROU"]
[SourceTitle "EXT 2010"]
[Source "ChessBase"]
[SourceDate "2010.11.25"]
[SourceVersion "1"]
[SourceVersionDate "2010.11.25"]
[SourceQuality "1"]

1. e4 e5 2. Nf3 d6 3. d4 exd4 4. Qxd4 a6 5. Bg5 f6 6. Be3 Be6 7. Bc4 Nc6 8. Qd3 Nb4 9. Qb3 d5 10. exd5 Bxd5 11. 0-0 b5 12. Bxd5 Qxd5 13. Na3 Qxb3 14. axb3 Rb8 15. Bf4 Bd6 16. Bxd6 cxd6 17. Rfd1 Kd7 18. c4 bxc4 19. bxc4 Ne7 20. Nd4 Nbc6 21. Nxc6 Kxc6 22. Nc2 Rb6 23. Nd4+ Kd7 24. h3 Rc8 25. b3 g6 26. Ra3 Nc6 27. Ne2 Nb4 28. Nc3 Ke6 29. Rd2 Rcb8 30. Ra1 f5 31. Re1+ Kf7 32. Red1 Ke6 33. Ne2 R8b7 34. g4 Rf7 35. Nd4+ Kf6 36. Re1 fxg4 37. Re6+ Kg5 38. c5 Rb8 39. Rxd6 gxh3 40. c6 Rc8 41. c7 Rcxc7 42. Ne6+ Kf5 43. Nxc7 Rxc7 44. Kh2 Rc5 45. R6d4 a5 46. Rh4 h5 47. Rxh3 Rb5 48. Rf3+ Kg5 49. Rg3+ Kf5 50. Rf3+ Kg5 51. Rd6 Nc2 52. Rc3 Na1 53. Rg3+ Kf4 54. Rf6+ 1-0

[Event "Centrocoop op"]
[Site "Eforie Nord"]
[Date "1997.??.??"]
[Round "3"]
[White "Chernitsin, Ivan"]
[Black "Curelaru, Catalin"]
[Result "1-0"]
[WhiteElo "2360"]
[BlackElo "2055"]
[PlyCount "57"]
[EventDate "1997.??.??"]
[EventType "swiss"]
[EventRounds "11"]
[EventCountry "ROU"]
[SourceTitle "EXT 2010"]
[Source "ChessBase"]
[SourceDate "2010.11.25"]
[SourceVersion "1"]
[SourceVersionDate "2010.11.25"]
[SourceQuality "1"]

1. e4 c6 2. d4 d6 3. Nc3 Nd7 4. f4 g6 5. Nf3 Bg7 6. a4 Ngf6 7. e5 Ng8 8. Bd3 dxe5 9. fxe5 Nh6 10. Bf4 Nb6 11. Qd2 Nf5 12. a5 Nd5 13. Nxd5 Qxd5 14. c4 Qd8 15. Be4 h5 16. a6 e6 17. 0-0 0-0 18. Ra4 Qc7 19. axb7 Bxb7 20. h3 Rfd8 21. c5 a5 22. g4 hxg4 23. hxg4 Ne7 24. Qh2 Ba6 25. Rf2 Bb5 26. Ra1 Nd5 27. Ng5 Re8 28. Qh7+ Kf8 29. Nxf7 1-0

[Event "Centrocoop op"]
[Site "Eforie Nord"]
[Date "1997.??.??"]
[Round "?"]
[White "Khruschiov, Alexey"]
[Black "Chernitsin, Ivan"]
[Result "1/2-1/2"]
[WhiteElo "2155"]
[BlackElo "2360"]
[PlyCount "97"]
[EventDate "1997.??.??"]
[EventType "swiss"]
[EventRounds "11"]
[EventCountry "ROU"]
[SourceTitle "EXT 2010"]
[Source "ChessBase"]
[SourceDate "2010.11.25"]
[SourceVersion "1"]
[SourceVersionDate "2010.11.25"]
[SourceQuality "1"]

1. e4 e5 2. Nf3 Nc6 3. Bc4 Bc5 4. 0-0 Nf6 5. b4 Bxb4 6. d4 exd4 7. c3 Be7 8. e5 Ne4 9. Bd5 Nxc3 10. Nxc3 dxc3 11. Qb3 0-0 12. Qxc3 Nb4 13. Be4 d5 14. exd6 Qxd6 15. Bg5 Bxg5 16. Nxg5 h6 17. Rad1 Qe7 18. Rfe1 Nxa2 19. Qb2 Qxg5 20. Qxa2 c6 21. Qb2 Qf6 22. Qb4 Rd8 23. Rd3 Bf5 24. Rf3 Rd4 25. Qa5 Rxe4 26. Rxe4 Bxe4 27. Rxf6 gxf6 28. Qb4 Rd8 29. h3 Bg6 30. Qxb7 c5 31. Qxa7 c4 32. Qc7 Rd1+ 33. Kh2 Rc1 34. Qf4 Rc2 35. h4 c3 36. g4 Re2 37. h5 Bh7 38. Qxf6 c2 39. Qd8+ Kg7 40. Qd4+ Kg8 41. Qd8+ Kg7 42. Qd4+ f6 43. Qd7+ Kf8 44. Qxh7 c1Q 45. Qh8+ Ke7 46. Qh7+ Ke8 47. Qg6+ Ke7 48. Qh7+ Ke6 49. Qf5+ 1/2-1/2

[Event "RUS-Cup5"]
[Site "Ekaterinburg"]
[Date "1997.??.??"]
[Round "5"]
[White "Tunik, Gennady"]
[Black "Chernitsin, Ivan"]
[Result "1-0"]
[WhiteElo "2460"]
[BlackElo "2375"]
[PlyCount "64"]
[EventDate "1997.02.13"]
[EventType "swiss"]
[EventRounds "9"]
[EventCountry "RUS"]
[SourceTitle "CBM 057 Extra"]
[Source "ChessBase"]
[SourceDate "1997.05.01"]
[SourceVersion "1"]
[SourceVersionDate "1997.05.01"]
[SourceQuality "1"]

1. d4 d5 2. c4 dxc4 3. e4 c5 4. d5 b5 5. a4 Nf6 6. f3 b4 7. Bxc4 g6 8. e5 Nfd7 9. f4 Nb6 10. b3 Bg7 11. a5 Nxc4 12. bxc4 e6 13. Nf3 0-0 14. 0-0 Ba6 15. dxe6 Bxc4 16. exf7+ Kxf7 17. Nbd2 Bxf1 18. Qb3+ c4 19. Nxc4 Bxc4 20. Qxc4+ Ke8 21. Qe6+ Qe7 22. Qd5 a6 23. Qxa8 Bxe5 24. fxe5 Qc5+ 25. Kh1 Qxe5 26. Bb2 Qxb2 27. Qxb8+ Kf7 28. Qb7+ Kg8 29. Qd5+ Kg7 30. Re1 b3 31. h3 Qa3 32. Nd4 Rb8 1-0